000 00624nam a2200229 i 4500
001 bg
100 1 _aSYLWESTRZAK, Hubert.
_d(1933-2009).
245 1 0 _aHalit :
_bminerał nasz powszedni /
_c[Hubert Sylwestrzak].
260 _aWarszawa :
_bPańst. Instytut Geologiczny,
_c1997.
300 _a15 s. :
_brys. ;
_c19 cm.
490 1 _aMinerały ;
_vz. 11
500 _aNazwa aut. na okł.
650 9 _aMinerały
830 0 _aMinerały ;
_vz. 11
020 _a8386986182
040 _cBPK
041 0 _apl
080 _a553:549
920 _a83-86986-18-2
942 _cKS
008 s pl f |000 0 pol
999 _c33950
_d33950
856 _uhttp://koha.tu.koszalin.pl/cgi-bin/koha/opac-detail.pl?biblionumber=33950
_yKatalog online BPK